000 00503nam a2200169Ia 4500
003 LK-CoDNM
008 010623t1998 xxu||||| |||| 00| 1 sin d
040 _aLK-CoDNM
_dLK-CoDNM
_eLK-CoDNM
041 _asin
080 _a025
_bRAY
100 _aRay,Shila
245 _aළමා පුස්තකාලයාධිපතිත්වය
246 _aLama Pusthakalayadhipathithwaya
260 _bSri Lanka Jathika Pusthakala Sewa Mandalaya
_aColombo
_c1998
300 _bxii,92, 21 cm
942 _cBK
999 _c119258
_d119258